La piel por la piel / (Record no. 9108)
[ view plain ]
| 000 -CABECERA | |
|---|---|
| campo de control de longitud fija | 01200cam a2200253 a 4500 |
| 001 - NÚMERO DE CONTROL | |
| campo de control | 000009348 |
| 005 - FECHA Y HORA DE LA ÚLTIMA TRANSACCIÓN | |
| campo de control | 20200929161549.0 |
| 008 - DATOS DE LONGITUD FIJA--INFORMACIÓN GENERAL | |
| campo de control de longitud fija | 980518s1997 ve 001 0 spa |
| 020 ## - NÚMERO INTERNACIONAL ESTÁNDAR DEL LIBRO | |
| Número Internacional Estándar del Libro | 980010982X |
| 035 ## - NÚMERO DE CONTROL DEL SISTEMA | |
| Número de control de sistema | (DLC) 98151412 |
| 035 ## - NÚMERO DE CONTROL DEL SISTEMA | |
| Número de control de sistema | (BoCbEI)ei 9707M0199 |
| 040 ## - FUENTE DE LA CATALOGACIÓN | |
| Centro catalogador/agencia de origen | DO-SdBNP |
| Centro/agencia transcriptor | DLC |
| Centro/agencia modificador | DLC |
| 050 00 - SIGNATURA TOPOGRÁFICA DE LA BIBLIOTECA DEL CONGRESO | |
| Número de clasificación | MLCS 98/05148 (P) |
| 082 ## - NÚMERO DE LA CLASIFICACIÓN DECIMAL DEWEY | |
| Número de clasificación | nnb |
| Número de documento/Ítem | R763p |
| 049 ## - FONDOS LOCALES (OCLC) | |
| Fondos de biblioteca | BNGR |
| 100 1# - ENTRADA PRINCIPAL--NOMBRE DE PERSONA | |
| Nombre de persona | Romero, Armando, |
| Fechas asociadas al nombre | 1944- |
| 9 (RLIN) | 24112 |
| 245 13 - MENCIÓN DE TÍTULO | |
| Título | La piel por la piel / |
| Mención de responsabilidad, etc. | Armando Romero. |
| 260 ## - PUBLICACIÓN, DISTRIBUCIÓN, ETC. | |
| Lugar de publicación, distribución, etc. | Caracas, (Venezuela) : |
| Nombre del editor, distribuidor, etc. | Monte Ávila Editores Latinoamericana, |
| Fecha de publicación, distribución, etc. | 1997. |
| 300 ## - DESCRIPCIÓN FÍSICA | |
| Extensión | 204 p. ; |
| Dimensiones | 21 cm. |
| 490 1# - MENCIÓN DE SERIE | |
| Mención de serie | Continentes |
| -- | Museo de arte contemporáneo de Caracas Sofía Imbert. |
| 520 1# - SUMARIO, ETC. | |
| Sumario, etc. | "Esta novela es el segundo de una trilogía de Romero, uno de los miembros más jóvenes del movimiento Nadaísta. Narra la historia de un escritor laberíntico que termina en Mérida, Venezuela, una ciudad universitaria. Uno de los logros de la novela de Romero es la representación humorística de la vida universitaria, un tema rara vez explorado en la literatura latinoamericana "- Handbook of Latin American Studies, v. 58. |
| 830 #0 - PUNTO DE ACCESO ADICIONAL DE SERIE-TÍTULO UNIFORME | |
| Título uniforme | Continentes. |
| 9 (RLIN) | 5341 |
| 910 ## - DATOS DE OPCIÓN DEL USUARIO (OCLC) | |
| Datos de opción del usuario | Catalogación por copia / LC |
| Estado de retiro | Estado de pérdida | Restricciones de uso | No para préstamo | Código de colección | Localización permanente | Ubicación/localización actual | Ubicación en estantería | Fecha de adquisición | Número de inventario | Total de préstamos | Signatura topográfica completa | Código de barras | Fecha visto por última vez | Precio válido a partir de | Tipo de ítem Koha |
|---|---|---|---|---|---|---|---|---|---|---|---|---|---|---|---|
| Préstamo interno | Monografías: Libros y Folletos | General | General | En catalogación | 29.09.2009 | LF1 | nnb R763p | 9348-10 | 25.06.2020 | 25.06.2020 | Préstamo interno |
